Nhận diện sắc thái lễ hội dân gian ở Đồng Nai

Gorde:
Xehetasun bibliografikoak
Egile nagusia: Đình, Phan
Formatua: Liburua
Hizkuntza:Undetermined
Gaiak:
Sarrera elektronikoa:http://lrc.tdmu.edu.vn/opac/search/detail.asp?aID=2&ID=35363
Etiketak: Etiketa erantsi
Etiketarik gabe, Izan zaitez lehena erregistro honi etiketa jartzen!
Thư viện lưu trữ: Trung tâm Học liệu Trường Đại học Thủ Dầu Một
LEADER 00629nam a2200145Ia 4500
001 TDMU_35363
008 210410s9999 xx 000 0 und d
082 |a 335.4346 
100 |a Đình, Phan 
245 0 |a Nhận diện sắc thái lễ hội dân gian ở Đồng Nai 
245 0 |c Đình Phan 
300 |a Tr.8-12 
650 |a Văn hóa và Du lịch; Lễ hội dân gian; Đồng Nai; Nhân diện sắc thái; Cộng đồng; Cồng chiêng 
856 |u http://lrc.tdmu.edu.vn/opac/search/detail.asp?aID=2&ID=35363 
980 |a Trung tâm Học liệu Trường Đại học Thủ Dầu Một